LIBRARY & INFORMATION CENTRE, KCAET, TAVANUR

ONLINE PUBLIC ACCESS CATALOGUE (OPAC)

Advanced calculus : An introduction to classical analysis / (Record no. 2925)

MARC details
000 -LEADER
fixed length control field 00469cam a2200181ua 4500
041 ## - LANGUAGE CODE
Language code of text/sound track or separate title eng
082 ## - DEWEY DECIMAL CLASSIFICATION NUMBER
Classification number 515.43
Item number BRA/AD
100 ## - MAIN ENTRY--AUTHOR NAME
Personal name Brand, Louis .
245 ## - TITLE STATEMENT
Title Advanced calculus : An introduction to classical analysis /
250 ## - EDITION STATEMENT
Edition statement 1 /
260 ## - PUBLICATION, DISTRIBUTION, ETC. (IMPRINT)
Place of publication New York :
Name of publisher John Wiley & Sons ,
Year of publication 1955.
300 ## - PHYSICAL DESCRIPTION
Number of Pages 574 ; .
942 ## - ADDED ENTRY ELEMENTS (KOHA)
Koha item type Books
Holdings
Withdrawn status Lost status Damaged status Home library Current library Date acquired Full call number Accession Number Koha item type
Withdrawn     KAUAET KAUAET 07/04/2012 515.43 8175 Books
free website counter